[Event "FSV-ch 2015"]
[Site "Dortmund"]
[Date "2015.04.23"]
[Round "4.6"]
[White "Boeck, Matthias"]
[Black "Mokros, Jürgen"]
[Result "0-1"]
[WhiteElo "1668"]
[BlackElo "1577"]
[Annotator "Schulenburg,Pit"]
[PlyCount "68"]
[EventDate "2015.??.??"]
[WhiteTeam "FSV"]
[BlackTeam "FSV"]

1. f4 d5 2. Nf3 Nf6 3. g3 Bg4 4. e3 Nbd7 5. h3 Bxf3 6. Qxf3 e5 7. f5 Bd6 8. g4
h6 9. h4 e4 10. Qg2 c6 11. Be2 Qc7 12. Rh3 O-O-O 13. d4 exd3 14. cxd3 Rde8 15.
Na3 Bxa3 16. bxa3 Qa5+ 17. Bd2 Qxa3 18. g5 hxg5 19. hxg5 Rxh3 20. Qxh3 Ng8 21.
Rc1 f6 22. Qh5 Qe7 23. g6 Nh6 24. Kd1 Rh8 25. Qf3 Kb8 26. e4 dxe4 27. dxe4 Ne5
28. Bf4 Nhg4 29. Qxg4 Rh1+ 30. Kc2 Qc5+ 31. Kb2 {(=)} Rxc1 32. Bxe5+ fxe5 33.
Qf3 Qc2+ 34. Ka3 Rb1 0-1

[Event "FSV-ch 2015"]
[Site "Dortmund"]
[Date "2015.04.23"]
[Round "4.7"]
[White "Benke, Werner"]
[Black "Dieckmann, Rudolf"]
[Result "1/2-1/2"]
[WhiteElo "1405"]
[BlackElo "1665"]
[PlyCount "101"]
[EventDate "2015.??.??"]
[WhiteTeam "HNS"]
[BlackTeam "FSV"]

1. d4 d5 2. Nf3 e6 3. Bf4 c5 4. e3 a6 5. a4 Nc6 6. Be2 Qa5+ 7. Qd2 Qd8 8. O-O
Nf6 9. Qd1 h6 10. h3 b6 11. Nbd2 Bd6 12. Bxd6 Qxd6 13. c3 Ra7 14. Bd3 g5 15.
Nh2 c4 16. Bc2 e5 17. dxe5 Nxe5 18. Nhf3 g4 19. Nxe5 Qxe5 20. h4 Re7 21. g3 Nh5
22. Kh2 f5 23. Rg1 Rg8 24. b3 f4 25. Nf1 fxg3+ 26. fxg3 cxb3 27. Bxb3 Bb7 28.
Qd4 Qd6 29. Rd1 Nf6 30. c4 Re4 31. Qc3 Re5 32. cxd5 Rh5 33. Kg2 Nxd5 34. e4
Nxc3 35. Rxd6 Bxe4+ 36. Kf2 Rf8+ 37. Ke1 Re5 38. Kd2 Nd5 39. Bxd5 Rxd5+ 40.
Rxd5 Bxd5 41. Ne3 Bb3 42. Rb1 Rf2+ 43. Ke1 Ba2 44. Rxb6 Rf3 45. Nxg4 Rxg3 46.
Nxh6 Bc4 47. Kf2 Ra3 48. Rb4 Bb3 49. h5 Bxa4 50. Nf5 Bc2 51. Ne3 1/2-1/2

[Event "FSV-ch 2015"]
[Site "Dortmund"]
[Date "2015.04.23"]
[Round "4.8"]
[White "Zabel, Reinhard"]
[Black "Schütz, Ralf"]
[Result "0-1"]
[WhiteElo "1509"]
[BlackElo "1733"]
[PlyCount "94"]
[EventDate "2015.??.??"]
[WhiteTeam "DBB"]
[BlackTeam "61515"]

1. e4 e6 2. Nf3 c5 3. Nc3 Nc6 4. d4 cxd4 5. Nxd4 Nf6 6. Nxc6 bxc6 7. Bf4 Qa5 8.
Bd3 e5 9. Bd2 Rb8 10. Nd5 Qd8 11. Nxf6+ Qxf6 12. b3 Bc5 13. Qf3 Qxf3 14. gxf3
Bd6 15. c4 Bb4 16. Rg1 O-O 17. Ke2 Bxd2 18. Kxd2 d6 19. Rac1 f5 20. Rg5 fxe4
21. Bxe4 Bb7 22. Rcg1 Rf7 23. Rf5 Rbf8 24. Rxf7 Rxf7 25. Ke3 d5 26. Bd3 Re7 27.
c5 Re6 28. Rg5 g6 29. Rg4 d4+ 30. Ke4 Kg7 31. Bc4 Re7 32. Rg3 Bc8 33. Kd3 Bf5+
34. Kd2 a5 35. Bd3 Kf6 36. Be4 Rc7 37. h4 Be6 38. Kc2 Bd5 39. Rg1 Rb7 40. Rb1
Rb5 41. Kd2 Rxc5 42. Rg1 a4 43. b4 Rb5 44. a3 Bxe4 45. fxe4 c5 46. Rc1 cxb4 47.
axb4 Rxb4 0-1

[Event "FSV-ch 2015"]
[Site "Dortmund"]
[Date "2015.04.23"]
[Round "4.9"]
[White "Link, Werner"]
[Black "Lauche, Christoph"]
[Result "1/2-1/2"]
[WhiteElo "1482"]
[BlackElo "1913"]
[Annotator "Schulenburg,Pit"]
[PlyCount "53"]
[EventDate "2015.??.??"]
[WhiteTeam "FSV"]
[BlackTeam "FSV"]

1. d4 c5 2. c3 Nf6 3. Nf3 e6 4. g3 b6 5. Bg2 Bb7 6. O-O Be7 7. Re1 O-O 8. Nbd2
cxd4 9. cxd4 d5 10. e3 Nbd7 11. b3 Ne4 12. Bb2 Rc8 13. Nxe4 dxe4 14. Nd2 f5 15.
Qe2 Rc2 16. Qd1 Rc7 17. Rc1 b5 18. a3 Rxc1 19. Qxc1 g5 20. Qc3 g4 21. b4 Nb6
22. Ba1 Bd5 23. Nb3 Bd6 24. Nc5 Qc8 25. Rc1 Be7 26. Bf1 a6 27. a4 {(=)} 1/2-1/2

[Event "FSV-ch 2015"]
[Site "Dortmund"]
[Date "2015.04.23"]
[Round "4.10"]
[White "Bommert, Christian"]
[Black "Wenzel, Jakoba"]
[Result "1-0"]
[WhiteElo "1769"]
[BlackElo "1202"]
[PlyCount "32"]
[EventDate "2015.??.??"]
[WhiteTeam "FSV"]
[BlackTeam "FSV"]

1. f4 Nf6 2. Nf3 d5 3. g3 c6 4. Bg2 Bg4 5. O-O e6 6. d3 Bc5+ 7. Kh1 Nbd7 8. c3
Nh5 9. e4 e5 10. fxe5 Nxe5 11. exd5 Qc7 12. d4 Nxf3 13. Bxf3 Nxg3+ 14. hxg3
Qxg3 15. Qe1+ Qxe1 16. Rxe1+ Be7 1-0

[Event "FSV-ch 2015"]
[Site "Dortmund"]
[Date "2015.04.23"]
[Round "4.11"]
[White "Vogt, Christian"]
[Black "Schlettig, Achim"]
[Result "1-0"]
[WhiteElo "1511"]
[BlackElo "1238"]
[PlyCount "63"]
[EventDate "2015.??.??"]
[WhiteTeam "HNS"]
[BlackTeam "FSV"]

1. d4 d5 2. c4 Nf6 3. Nc3 e6 4. cxd5 exd5 5. Bg5 Be7 6. e3 O-O 7. Bd3 Nbd7 8.
Nge2 b6 9. O-O Bb7 10. Ng3 g6 11. Bh6 Re8 12. Qe2 Kh8 13. e4 Ng8 14. Be3 dxe4
15. Bxe4 Bxe4 16. Ngxe4 Ngf6 17. Qd2 Nxe4 18. Nxe4 Nf6 19. Nc3 Nd5 20. Bh6 Nf6
21. Rfe1 Ng8 22. Bf4 Bd6 23. Nb5 Bxf4 24. Qxf4 c6 25. Rxe8 Qxe8 26. Nc7 Qb8 27.
Qg3 a5 28. Nxa8 Qxg3 29. hxg3 b5 30. Re1 Nf6 31. Nc7 Kg7 32. f3 1-0

[Event "FSV-ch 2015"]
[Site "Dortmund"]
[Date "2015.04.23"]
[Round "4.12"]
[White "Böckmann, Lieselotte"]
[Black "Reinacher, Detlev"]
[Result "0-1"]
[WhiteElo "1078"]
[BlackElo "1480"]
[PlyCount "72"]
[EventDate "2015.??.??"]
[WhiteTeam "FSV"]
[BlackTeam "HNS"]

1. c4 Nf6 2. Nc3 g6 3. e3 Bg7 4. d4 O-O 5. Bd3 d6 6. Nge2 c6 7. O-O Nbd7 8. Ng3
Qc7 9. Qc2 a6 10. a4 e5 11. f4 exf4 12. exf4 Ng4 13. Nce2 Re8 14. Kh1 c5 15.
Nc3 Ndf6 16. Bd2 cxd4 17. Nce4 Nxe4 18. Bxe4 f5 19. Bd5+ Be6 20. Qb3 Bxd5 21.
cxd5 Ne3 22. Rac1 Qf7 23. Rf3 Nxd5 24. Qd1 Re7 25. Qf1 Rae8 26. Qf2 Ne3 27. Bb4
Qd5 28. Qd2 Bh6 29. Ne2 Nxg2 30. Rcf1 Rxe2 31. Qc1 Nxf4 32. Bxd6 Qxd6 33. Qc4+
Kh8 34. Rxf4 Bxf4 35. Rd1 Rxh2+ 36. Kg1 Be3+ 0-1

[Event "FSV-ch 2015"]
[Site "Dortmund"]
[Date "2015.04.23"]
[Round "4.13"]
[White "Tautz, Eugen"]
[Black "Maffei, Hendrik"]
[Result "0-1"]
[WhiteElo "1415"]
[BlackElo "1231"]
[PlyCount "73"]
[EventDate "2015.??.??"]
[WhiteTeam "FSV"]
[BlackTeam "FSV"]

1. c4 e5 2. Nc3 Nf6 3. e3 d5 4. cxd5 Nxd5 5. Nf3 Bg4 6. Be2 Nxc3 7. bxc3 Nc6 8.
Qa4 Bd6 9. Qxg4 O-O 10. Qe4 f5 11. Qd5+ Kh8 12. O-O e4 13. Qb5 exf3 14. Bxf3
Rb8 15. g3 a6 16. Qe2 Ne5 17. Bg2 Be7 18. d4 Nc6 19. Bxc6 bxc6 20. Qxa6 Qd5 21.
Qe2 Qa5 22. c4 Bf6 23. Bd2 Qa3 24. c5 Rfe8 25. Qf3 Bxd4 26. Qxf5 Bxa1 27. Rxa1
Qb2 28. Rd1 Red8 29. Qf4 Rxd2 30. Rxd2 Qxd2 31. Qxc7 Rf8 32. f4 Qxe3+ 33. Kg2
Qxc5 34. Qb7 h6 35. Qa6 Qd5+ 36. Kh3 c5 37. Qe2 0-1

[Event "FSV-ch 2015"]
[Site "Dortmund"]
[Date "2015.04.23"]
[Round "4.14"]
[White "Jentzsch, Werner W"]
[Black "Pauli, Helmut"]
[Result "1-0"]
[WhiteElo "1323"]
[BlackElo "1186"]
[PlyCount "95"]
[EventDate "2015.??.??"]
[WhiteTeam "BRK"]
[BlackTeam "FSV"]

1. d4 d5 2. Nc3 Nf6 3. Bf4 Bd7 4. e3 a6 5. Be5 e6 6. Bd3 Nc6 7. Nf3 Nxe5 8.
Nxe5 Bb4 9. a3 Bxc3+ 10. bxc3 O-O 11. h4 Bb5 12. g4 Bxd3 13. cxd3 Nd7 14. f4
Nxe5 15. fxe5 b5 16. g5 g6 17. Qg4 c6 18. h5 Qa5 19. Kd2 Ra7 20. h6 Qc7 21.
Rhf1 Qe7 22. Qf4 Rc8 23. Qf6 Qxf6 24. Rxf6 Rcc7 25. Kc2 a5 26. Kb3 Rcb7 27.
Rff1 Rc7 28. a4 Rcb7 29. Rfb1 Kf8 30. axb5 Rxb5+ 31. Ka4 Rab7 32. Rxb5 Rxb5 33.
c4 Rb2 34. cxd5 cxd5 35. Kxa5 Re2 36. Kb4 Rxe3 37. Ra8+ Ke7 38. Kc3 Rg3 39. Rh8
Rxg5 40. Rxh7 Rh5 41. Kd2 Kf8 42. Rh8+ Ke7 43. Ke3 Rh4 44. h7 f6 45. Ra8 fxe5
46. dxe5 Kf7 47. h8=Q Rxh8 48. Rxh8 1-0

[Event "FSV-ch 2015"]
[Site "Dortmund"]
[Date "2015.04.23"]
[Round "4.15"]
[White "Reker, Gerhard"]
[Black "Winkler, Harald"]
[Result "1-0"]
[WhiteElo "848"]
[BlackElo "1253"]
[PlyCount "87"]
[EventDate "2015.??.??"]
[WhiteTeam "FSV"]
[BlackTeam "FSV"]

1. e4 Nc6 2. Nf3 d6 3. d4 f5 4. e5 dxe5 5. Bb5 a6 6. Bxc6+ bxc6 7. Nxe5 Bb7 8.
O-O Nf6 9. Bg5 e6 10. Bxf6 Qxf6 11. Re1 Bd6 12. c3 Bxe5 13. Rxe5 O-O 14. Qe1
Rfe8 15. Nd2 Rad8 16. a4 Rd5 17. Rxd5 cxd5 18. b4 Ra8 19. Nf3 a5 20. b5 c6 21.
b6 Qe7 22. Qe3 Re8 23. Ne5 Qh4 24. Rf1 Qe4 25. Qc1 f4 26. f3 Qf5 27. Qa3 Qf8
28. Qc1 g5 29. Re1 Kg7 30. Qa1 c5 31. Nd7 Qd6 32. Nxc5 Qc6 33. Qb1 h6 34. Nxb7
Qxb7 35. Qb5 Kf7 36. Qxa5 Ra8 37. Qb4 Rc8 38. a5 Rc4 39. Qa3 Qc6 40. Rc1 Ra4
41. Qc5 Qxc5 42. dxc5 Rxa5 43. c6 Rb5 44. c7 1-0

[Event "FSV-ch 2015"]
[Site "Dortmund"]
[Date "2015.04.23"]
[Round "4.17"]
[White "Heinz, Hans-Werner"]
[Black "Wangrin, Stefan A"]
[Result "1/2-1/2"]
[WhiteElo "1178"]
[BlackElo "1183"]
[Annotator "Schulenburg,Pit"]
[PlyCount "59"]
[EventDate "2015.??.??"]
[WhiteTeam "61722"]
[BlackTeam "FSV"]

1. e4 c5 2. Nf3 Nc6 3. c3 e5 4. d4 d5 5. dxe5 dxe4 6. Qxd8+ Kxd8 7. Nfd2 e3 8.
fxe3 Nxe5 9. Ne4 Be7 10. Be2 Nf6 11. Nxf6 Bxf6 12. O-O Ke7 13. h3 Re8 14. Nd2
Kf8 15. Ne4 Be7 16. a3 a5 17. Bd2 Be6 18. Rac1 Bc4 19. Rf5 f6 20. Bf1 b6 21.
Ng5 Kg8 22. Nf3 g6 23. Rf4 b5 24. Nxe5 Bxf1 25. Rcxf1 fxe5 26. Rg4 Rf8 27. e4
Rxf1+ 28. Kxf1 Rf8+ 29. Kg1 a4 30. h4 {(=)} 1/2-1/2

[Event "FSV-ch 2015"]
[Site "Dortmund"]
[Date "2015.05.04"]
[Round "5.1"]
[White "Grube, Jörg"]
[Black "Zachos, Ingo"]
[Result "0-1"]
[WhiteElo "1896"]
[BlackElo "1900"]
[PlyCount "62"]
[EventDate "2015.??.??"]
[WhiteTeam "FSV"]
[BlackTeam "EIC"]

1. e4 d6 2. d4 Nf6 3. Nc3 g6 4. f4 Bg7 5. Nf3 O-O 6. Be2 c5 7. dxc5 Qa5 8. O-O
Qxc5+ 9. Kh1 b6 10. Nd2 Bb7 11. Nb3 Qc7 12. Bf3 Nbd7 13. Be3 Nc5 14. Nd2 a6 15.
a4 Bc6 16. b4 Ncd7 17. Ra3 b5 18. a5 Qb7 19. Qe1 Rac8 20. Qh4 Qa8 21. g4 Bb7
22. g5 Rxc3 23. Rxc3 Nxe4 24. Rd3 Nxd2 25. Bxd2 Rc8 26. c3 e5 27. Qh3 e4 28.
Qxd7 Rd8 29. Qc7 Rc8 30. Qxd6 exd3 31. Qxd3 Rd8 0-1

[Event "FSV-ch 2015"]
[Site "Dortmund"]
[Date "2015.04.30"]
[Round "5.2"]
[White "Zelt, Jens"]
[Black "Melmer, Felix"]
[Result "1/2-1/2"]
[WhiteElo "1998"]
[BlackElo "1901"]
[Annotator "Schulenburg,Pit"]
[PlyCount "76"]
[EventDate "2015.??.??"]
[WhiteTeam "HNS"]
[BlackTeam "61117"]

1. e4 c5 2. d3 g6 3. f4 Bg7 4. Nf3 Nc6 5. c3 d6 6. Be2 Bd7 7. O-O e6 8. Be3
Nge7 9. Nbd2 O-O 10. Kh1 b6 11. Nb3 f5 12. exf5 Nxf5 13. Bg1 e5 14. fxe5 dxe5
15. Nbd2 Be6 16. Ne4 h6 17. Nfd2 Qc7 18. Qe1 Nce7 19. Ng3 Rad8 20. Nxf5 gxf5
21. Bf2 Ng6 22. Bg3 Qc6 23. Rg1 Rd7 24. Rd1 b5 25. a3 c4 26. Bf3 Bd5 27. Bxd5+
Rxd5 28. dxc4 bxc4 29. Qe2 Rfd8 30. Nf3 e4 31. Nd4 Bxd4 32. Rxd4 Rxd4 33. cxd4
Rxd4 34. Qf2 Qd7 35. Bf4 Nxf4 36. Qxf4 Kh7 37. h3 Qe6 38. Re1 Rd3 {(=)} 1/2-1/2

[Event "FSV-ch 2015"]
[Site "Dortmund"]
[Date "2015.04.30"]
[Round "5.3"]
[White "Mokros, Jürgen"]
[Black "Hillebrand, Carsten"]
[Result "1/2-1/2"]
[WhiteElo "1577"]
[BlackElo "1858"]
[Annotator "Schulenburg,Pit"]
[PlyCount "76"]
[EventDate "2015.??.??"]
[WhiteTeam "FSV"]
[BlackTeam "FSV"]

1. d4 Nf6 2. Bg5 Ne4 3. Bf4 d5 4. f3 Nf6 5. Nc3 e6 6. e3 a6 7. Bd3 c5 8. Be5
Nc6 9. Be2 Nd7 10. Bg3 cxd4 11. exd4 Qf6 12. Bf2 Qg6 13. g3 Nb4 14. Rc1 Nc6 15.
f4 Qf6 16. Nf3 Qd8 17. O-O Be7 18. Re1 O-O 19. a3 Nb6 20. Bd3 Nc4 21. Rb1 b5
22. h4 b4 23. axb4 Nxb4 24. Bxc4 dxc4 25. Ne5 Qc7 26. Qe2 Bf6 27. Nxc4 Bb7 28.
Ne5 Bxe5 29. dxe5 Rac8 30. Rbc1 Qc6 31. Ne4 Qxe4 32. Qxe4 Bxe4 33. Rxe4 Nd3 34.
Ra1 Rxc2 35. Be3 Nxb2 36. Rxa6 Nd1 37. Bd4 Nc3 38. Bxc3 Rxc3 {(=)} 1/2-1/2

[Event "FSV-ch 2015"]
[Site "Dortmund"]
[Date "2015.04.30"]
[Round "5.4"]
[White "Begna, Bozidar"]
[Black "Zhang, Jingfu"]
[Result "1-0"]
[WhiteElo "1903"]
[BlackElo "1590"]
[PlyCount "127"]
[EventDate "2015.??.??"]
[WhiteTeam "HNS"]
[BlackTeam "HNS"]

1. Nf3 d5 2. c4 c6 3. e3 Nf6 4. b3 g6 5. Bb2 Bg7 6. Be2 O-O 7. O-O Bg4 8. h3
Bxf3 9. Bxf3 Nbd7 10. Nc3 e6 11. Qc2 Qc7 12. Rac1 Rfe8 13. Qb1 dxc4 14. bxc4
Rad8 15. d4 c5 16. Be2 cxd4 17. exd4 a6 18. Ne4 Nxe4 19. Qxe4 Nf6 20. Qe3 Nd7
21. Rfd1 Qb6 22. Bc3 e5 23. Qd2 Qc7 24. Qb2 exd4 25. Bxd4 Bxd4 26. Rxd4 Qe5 27.
Rd2 Qxb2 28. Rxb2 Nc5 29. Rcb1 Re7 30. Bf3 Rdd7 31. Rb6 Kg7 32. Kf1 Ne4 33.
Bxe4 Rxe4 34. Rxb7 Rxb7 35. Rxb7 Rxc4 36. Rb2 a5 37. Ke2 Kf6 38. Kd3 Rc7 39.
Rb6+ Ke7 40. Rb5 Rd7+ 41. Ke3 Ra7 42. a4 Kd6 43. Kf4 h6 44. h4 Ke6 45. f3 Ra6
46. g4 f6 47. h5 g5+ 48. Ke4 Ra7 49. Rb6+ Kf7 50. Kf5 Rc7 51. Rxf6+ Kg7 52.
Rg6+ Kh7 53. Ra6 Rf7+ 54. Ke5 Rxf3 55. Rxa5 Rf4 56. Ra7+ Kg8 57. a5 Rxg4 58.
Kf6 Ra4 59. Kg6 Kf8 60. a6 g4 61. Ra8+ Ke7 62. a7 Ra6+ 63. Kh7 g3 64. Rg8 1-0

[Event "FSV-ch 2015"]
[Site "Dortmund"]
[Date "2015.04.30"]
[Round "5.6"]
[White "Schütz, Ralf"]
[Black "Jost, Udo"]
[Result "0-1"]
[WhiteElo "1733"]
[BlackElo "1827"]
[PlyCount "26"]
[EventDate "2015.??.??"]
[WhiteTeam "61515"]
[BlackTeam "FSV"]

1. e4 c5 2. Nf3 a6 3. c3 Qa5 4. d4 cxd4 5. b4 Qb6 6. Qxd4 Qc7 7. Be3 Nc6 8. Qb6
Qb8 9. Nd4 Nf6 10. Nd2 e5 11. Nxc6 dxc6 12. Rd1 Be7 13. Bc5 Nd7 0-1

[Event "FSV-ch 2015"]
[Site "Dortmund"]
[Date "2015.04.30"]
[Round "5.7"]
[White "Dieckmann, Rudolf"]
[Black "Bommert, Christian"]
[Result "1/2-1/2"]
[WhiteElo "1665"]
[BlackElo "1769"]
[Annotator "Schulenburg,Pit"]
[PlyCount "40"]
[EventDate "2015.??.??"]
[WhiteTeam "FSV"]
[BlackTeam "FSV"]

1. d4 f5 2. c4 Nf6 3. Nc3 d6 4. g3 g6 5. Bg2 Bg7 6. e4 fxe4 7. Nxe4 Nxe4 8.
Bxe4 c5 9. dxc5 Qa5+ 10. Qd2 Qxc5 11. Qe2 Nc6 12. Nf3 Qb4+ 13. Bd2 Qxb2 14. O-O
O-O 15. Bd5+ e6 16. Bxe6+ Bxe6 17. Qxe6+ Kh8 18. Rab1 Qxa2 19. Bf4 Rf6 20. Qd5
Qa6 {(=)} 1/2-1/2

[Event "FSV-ch 2015"]
[Site "Dortmund"]
[Date "2015.04.30"]
[Round "5.8"]
[White "Jentzsch, Werner W"]
[Black "Benke, Werner"]
[Result "1-0"]
[WhiteElo "1323"]
[BlackElo "1405"]
[PlyCount "43"]
[EventDate "2015.??.??"]
[WhiteTeam "FSV"]
[BlackTeam "BRK"]

1. d4 d5 2. Nc3 Nf6 3. Bf4 e6 4. Nb5 Na6 5. e3 c6 6. Nc3 Nc7 7. Nf3 Bd6 8. Ne5
O-O 9. Bd3 g6 10. Bg5 Be7 11. h4 Nh5 12. Bh6 Ng7 13. Bxg7 Kxg7 14. h5 f5 15.
hxg6 h6 16. Qh5 Bg5 17. f4 Ne8 18. fxg5 Qxg5 19. Qxg5 hxg5 20. Rh7+ Kf6 21.
Rf7+ Rxf7 22. gxf7 1-0

[Event "FSV-ch 2015"]
[Site "Dortmund"]
[Date "2015.04.30"]
[Round "5.9"]
[White "Boeck, Matthias"]
[Black "Link, Werner"]
[Result "1-0"]
[WhiteElo "1668"]
[BlackElo "1482"]
[PlyCount "51"]
[EventDate "2015.??.??"]
[WhiteTeam "FSV"]
[BlackTeam "FSV"]

1. f4 d5 2. Nf3 g6 3. g3 Bg7 4. Bg2 Nf6 5. d3 c5 6. O-O O-O 7. Qe1 Nc6 8. c3 b6
9. e4 dxe4 10. dxe4 Bb7 11. h3 Qc7 12. g4 Na5 13. Nh2 e5 14. f5 Nc4 15. g5 Nh5
16. f6 Bh8 17. Ng4 h6 18. Nxh6+ Kh7 19. Bf3 Qc6 20. Qh4 Bxf6 21. gxf6 Nxb2 22.
Nf5 Nd3 23. Ne7 Qxf6 24. Bg5 Qe6 25. Bxh5 Nf4 26. Bxg6+ 1-0

[Event "FSV-ch 2015"]
[Site "Dortmund"]
[Date "2015.04.30"]
[Round "5.10"]
[White "Rauschenbusch, Udo"]
[Black "Reker, Gerhard"]
[Result "1-0"]
[WhiteElo "1618"]
[BlackElo "848"]
[PlyCount "49"]
[EventDate "2015.??.??"]
[WhiteTeam "FSV"]
[BlackTeam "FSV"]

1. b4 e5 2. Bb2 d6 3. e3 Nf6 4. c4 Be7 5. d4 exd4 6. exd4 O-O 7. Nf3 Nc6 8. b5
Nb4 9. a3 d5 10. c5 c6 11. axb4 cxb5 12. Bxb5 a6 13. Bd3 b5 14. O-O Bg4 15.
Nbd2 Bxf3 16. Nxf3 Qc7 17. Ne5 Nd7 18. f4 Nxe5 19. fxe5 Bg5 20. h4 Bxh4 21. Qh5
g6 22. Qxh4 a5 23. Bc1 a4 24. Bh6 Rfc8 25. Qf6 1-0

[Event "FSV-ch 2015"]
[Site "Dortmund"]
[Date "2015.04.30"]
[Round "5.11"]
[White "Reinacher, Detlev"]
[Black "Vogt, Christian"]
[Result "1-0"]
[WhiteElo "1480"]
[BlackElo "1511"]
[Annotator "Schulenburg,Pit"]
[PlyCount "99"]
[EventDate "2015.??.??"]
[WhiteTeam "HNS"]
[BlackTeam "HNS"]

1. e4 e5 2. g3 c5 3. Bg2 Nc6 4. c3 Bd6 5. d3 Nge7 6. Ne2 O-O 7. O-O b6 8. f4 f6
9. f5 Kh8 10. Nd2 Bc7 11. Nf3 a5 12. Be3 Qe8 13. Nh4 Ba6 14. g4 d6 15. Ng3 Rd8
16. c4 Nd4 17. Nh5 Qf7 18. Rf2 Bc8 19. Bxd4 cxd4 20. a4 Bd7 21. b3 Be8 22. Bf1
Qg8 23. Rg2 g5 24. Nf3 Bxh5 25. gxh5 h6 26. Nh4 Qf7 27. Ng6+ Nxg6 28. hxg6 Qe7
29. Qh5 Kg7 30. h4 Rh8 {(=)} 31. Rh2 Rdg8 32. Rh3 Bd8 33. Ra2 Qf8 34. Rah2 Be7
35. Be2 Qd8 36. Qf3 h5 37. hxg5 fxg5 38. Rxh5 Rxh5 39. Rxh5 Rh8 40. Qf1 Rxh5
41. Bxh5 Qh8 42. Qd1 Qh6 43. Kg2 g4 44. Bxg4 Qh4 45. Qf3 Bg5 46. Qh3 Qxh3+ 47.
Kxh3 Kh6 48. Bd1 Bf6 49. Kg4 Bg5 $4 50. g7 1-0

[Event "FSV-ch 2015"]
[Site "Dortmund"]
[Date "2015.04.30"]
[Round "5.12"]
[White "Maffei, Hendrik"]
[Black "Zabel, Reinhard"]
[Result "1/2-1/2"]
[WhiteElo "1231"]
[BlackElo "1509"]
[PlyCount "106"]
[EventDate "2015.??.??"]
[WhiteTeam "FSV"]
[BlackTeam "DBB"]

1. Nf3 Nf6 2. d4 d5 3. c4 e6 4. Nc3 Be7 5. Bf4 b6 6. e3 Bb7 7. Be2 Bd6 8. Bxd6
cxd6 9. cxd5 Nxd5 10. O-O O-O 11. Rc1 Nd7 12. Nb5 N7f6 13. Qd3 Ba6 14. a4 Qd7
15. Qa3 Rfc8 16. Nd2 Ne7 17. Nc4 Bxb5 18. axb5 Ne8 19. Bf3 Rab8 20. Be2 Rc7 21.
e4 Rbc8 22. b3 d5 23. Ne5 Qd6 24. Qa1 f6 25. Nc6 Nxc6 26. bxc6 Rxc6 27. Rxc6
Qxc6 28. exd5 Qxd5 29. Qxa7 Qd8 30. Bc4 Qc7 31. Bxe6+ Kf8 32. Qxc7 Rxc7 33. Bc4
Nd6 34. Be6 f5 35. f3 Ke7 36. Re1 Kf6 37. Bg8 Nf7 38. d5 g6 39. Re6+ Kg7 40.
Bxf7 Kxf7 41. Rxb6 Rd7 42. Rb5 Ke7 43. b4 Kd6 44. Ra5 Rb7 45. Ra1 Rxb4 46. Ra7
Kxd5 47. Rxh7 Ke6 48. Kf2 f4 49. g4 Rb2+ 50. Kg1 Kf6 51. Rh8 Kg7 52. Rh4 g5 53.
Rh5 Kg6 1/2-1/2

[Event "FSV-ch 2015"]
[Site "Dortmund"]
[Date "2015.04.30"]
[Round "5.14"]
[White "Winkler, Harald"]
[Black "Tautz, Eugen"]
[Result "1/2-1/2"]
[WhiteElo "1253"]
[BlackElo "1415"]
[PlyCount "99"]
[EventDate "2015.??.??"]
[WhiteTeam "FSV"]
[BlackTeam "FSV"]

1. Nf3 Nf6 2. d3 d6 3. e4 Nc6 4. g3 Bg4 5. Bg2 e5 6. O-O Be7 7. c3 O-O 8. Qc2
Bxf3 9. Bxf3 a6 10. Nd2 b5 11. Bg2 Rb8 12. Nf3 Ng4 13. h3 Nf6 14. a3 h6 15. h4
Na5 16. b4 Nb7 17. Be3 Ng4 18. Bd2 Nf6 19. Bh3 c5 20. c4 Qb6 21. Qb3 Nh5 22.
Be3 Qc7 23. Rac1 Nf6 24. Nh2 Qd8 25. Qd1 Kh8 26. Ng4 Nxg4 27. Bxg4 Qe8 28. Kg2
Nd8 29. f4 exf4 30. Bxf4 Rb7 31. Qd2 Nc6 32. Be3 cxb4 33. axb4 bxc4 34. dxc4
Rxb4 35. Bxh6 Bf6 36. Bf5 Rb2 37. Bxg7+ Bxg7 38. Rc2 Rxc2 39. Qxc2 Nd4 40. Qd3
Nxf5 41. Rxf5 Qe6 42. Rd5 Re8 43. Rxd6 Qxe4+ 44. Qxe4 Rxe4 45. Rxa6 Rxc4 46.
Ra8+ Kh7 47. Ra7 Kg6 48. h5+ Kxh5 49. Rxf7 Kg6 50. Rf4 1/2-1/2

[Event "FSV-ch 2015"]
[Site "Dortmund"]
[Date "2015.05.02"]
[Round "5.15"]
[White "Schlettig, Achim"]
[Black "Wickenfeld, Udo"]
[Result "1-0"]
[WhiteElo "1238"]
[BlackElo "1396"]
[Annotator "Schulenburg,Pit"]
[PlyCount "57"]
[EventDate "2015.??.??"]
[WhiteTeam "FSV"]
[BlackTeam "61701"]

1. d4 Nf6 2. c4 g6 3. Nf3 Bg7 4. Nc3 d6 5. Bg5 O-O 6. e3 Bg4 7. Be2 Nc6 8. O-O
Bf5 9. a3 h6 10. Bf4 g5 11. Bg3 Nh5 12. d5 Nxg3 13. fxg3 Ne5 14. Nxe5 e6 15. g4
Bh7 16. Nf3 e5 17. Bd3 e4 18. Bxe4 Bxe4 19. Nxe4 Qe7 20. Qd3 Rae8 21. Nfd2 Be5
22. Rf3 Qd7 23. h3 f5 24. gxf5 Rxf5 25. Rxf5 Qxf5 26. Rf1 Qd7 27. Nf6+ Bxf6 28.
Rxf6 Qg7 29. Rg6 1-0

[Event "FSV-ch 2015"]
[Site "Dortmund"]
[Date "2015.04.30"]
[Round "5.16"]
[White "Pauli, Helmut"]
[Black "Wangrin, Stefan A"]
[Result "0-1"]
[WhiteElo "1186"]
[BlackElo "1183"]
[PlyCount "58"]
[EventDate "2015.??.??"]
[WhiteTeam "FSV"]
[BlackTeam "FSV"]

1. Nf3 Nc6 2. g3 e5 3. e4 Bc5 4. Bg2 d6 5. O-O Nd4 6. c3 Nxf3+ 7. Bxf3 Ne7 8.
d4 exd4 9. cxd4 Bb4 10. a3 Ba5 11. b4 Bb6 12. Bb2 d5 13. e5 a5 14. bxa5 Bxa5
15. Bc3 Nc6 16. Bxa5 Nxa5 17. Nc3 Be6 18. Be2 c6 19. f4 f5 20. a4 O-O 21. Qc2
Nc4 22. Bxc4 dxc4 23. Rfb1 Qxd4+ 24. Kg2 Bd5+ 25. Kh3 g5 26. Rxb7 gxf4 27. Nxd5
f3 28. Nf6+ Rxf6 29. exf6 Qg4# 0-1

[Event "FSV-ch 2015"]
[Site "Dortmund"]
[Date "2015.04.30"]
[Round "5.17"]
[White "Heinz, Hans-Werner"]
[Black "Böckmann, Lieselotte"]
[Result "1-0"]
[WhiteElo "1178"]
[BlackElo "1078"]
[PlyCount "103"]
[EventDate "2015.??.??"]
[WhiteTeam "61722"]
[BlackTeam "FSV"]

1. e4 e6 2. e5 c5 3. Nf3 Nc6 4. c3 a6 5. d4 Nge7 6. Bg5 Qb6 7. b3 Nd5 8. Be2 d6
9. O-O dxe5 10. dxe5 Bd7 11. Bd2 Be7 12. Na3 Qc7 13. Nc4 O-O 14. Qc1 f6 15.
exf6 Bxf6 16. Re1 b5 17. Ne3 e5 18. Nxd5 Qd6 19. Nxf6+ Rxf6 20. Bg5 Rf7 21. Rf1
e4 22. Nh4 Qe5 23. g3 Qe8 24. Be3 Rc8 25. f4 Ne7 26. c4 Bh3 27. Rf2 Nf5 28.
Nxf5 Bxf5 29. cxb5 axb5 30. a4 c4 31. bxc4 Rfc7 32. axb5 Be6 33. Ra4 Bd7 34.
Qb2 Rd8 35. Qb3 Be6 36. f5 Rd3 37. Bxd3 exd3 38. Qxd3 Rd7 39. Qe2 Bf7 40. h3
Rd8 41. Rf3 Rc8 42. Rf4 g5 43. fxg6 Bxg6 44. Rg4 Qf7 45. Rf4 Qe6 46. g4 Bc2 47.
Ra6 Qe7 48. Ra7 Qb4 49. Kg2 Qb2 50. Kf2 Re8 51. Qd2 Rf8 52. Qd5+ 1-0

[Event "FSV-ch 2015"]
[Site "Dortmund"]
[Date "2015.05.07"]
[Round "6.1"]
[White "Zachos, Ingo"]
[Black "Begna, Bozidar"]
[Result "1-0"]
[WhiteElo "1887"]
[BlackElo "1903"]
[PlyCount "79"]
[EventDate "2015.??.??"]
[WhiteTeam "EIC"]
[BlackTeam "HNS"]

1. g3 e5 2. d3 Bc5 3. Nf3 d6 4. Bg2 Nf6 5. O-O O-O 6. c4 Nbd7 7. Nc3 a5 8. a3
Rb8 9. Rb1 c6 10. b4 axb4 11. axb4 Bd4 12. Nxd4 exd4 13. Ne4 Nxe4 14. dxe4 c5
15. Bf4 Qf6 16. bxc5 Nxc5 17. Rb6 Rd8 18. e5 Qf5 19. Qxd4 g5 20. Rxd6 Rxd6 21.
Qxd6 Nd7 22. e4 Qg6 23. Be3 Ra8 24. Qe7 h6 25. Qe8+ Kg7 26. Rd1 Qe6 27. Qxe6
fxe6 28. f4 Ra3 29. Bd4 Ra4 30. Bh3 Nf8 31. Rc1 Bd7 32. Bc5 Ng6 33. f5 exf5 34.
exf5 Nf8 35. e6 Bc6 36. Bd4+ Kg8 37. f6 Ng6 38. Bf5 Ne7 39. Bc5 Ra2 40. Bxe7
1-0

[Event "FSV-ch 2015"]
[Site "Dortmund"]
[Date "2015.05.07"]
[Round "6.2"]
[White "Grube, Jörg"]
[Black "Zelt, Jens"]
[Result "1/2-1/2"]
[WhiteElo "1896"]
[BlackElo "1999"]
[PlyCount "39"]
[EventDate "2015.??.??"]
[WhiteTeam "FSV"]
[BlackTeam "HNS"]

1. e4 d6 2. Nf3 Nf6 3. Nc3 e5 4. d4 exd4 5. Nxd4 Nc6 6. Bb5 Bd7 7. O-O Be7 8.
Re1 O-O 9. Bg5 Nxd4 10. Qxd4 Bxb5 11. Nxb5 Qd7 12. e5 Qxb5 13. exf6 Bxf6 14.
Bxf6 gxf6 15. Qxf6 Rfe8 16. a4 Qd7 17. Qg5+ Kh8 18. Qf6+ Kg8 19. Qg5+ Kh8 20.
Qf6+ 1/2-1/2